Vapor-liquid equilibria using UNIFAC : a group contribution method /
Guardado en:
| Autor Principal: | |
|---|---|
| Otros Autores: | , |
| Formato: | Libro |
| Idioma: | English |
| Publicado: |
Amsterdam : New York :
Elsevier Scientific Pub. Co. ; distributors for the U.S. and Canada, Elsevier North-Holland,
1977, 1979 printing.
|
| Materias: | |
| Etiquetas: |
Agregar Etiqueta
Sin Etiquetas, Sea el primero en etiquetar este registro!
|
| LEADER | 01030cam a22002535a 4500 | ||
|---|---|---|---|
| 001 | EIQ.libpla003297 | ||
| 008 | 770811s1977####ne#a#####b####000#0#eng#d | ||
| 005 | 20071121172551.0 | ||
| 245 | 1 | 0 | |a Vapor-liquid equilibria using UNIFAC : |b a group contribution method / |c Aage Fredenslund, Jürgen Gmehling and Peter Rasmussen. |
| 260 | |a Amsterdam : |b Elsevier Scientific Pub. Co. ; |a New York : |b distributors for the U.S. and Canada, Elsevier North-Holland, |c 1977, 1979 printing. | ||
| 300 | |a xi, 380 p. : |b il. ; |c 27 cm. | ||
| 504 | |a Incluye referencias bibliográficas. | ||
| 020 | |a 0444416218 | ||
| 100 | 1 | |a Fredenslund, Aage, |d 1941- | |
| 700 | 1 | |a Gmehling, Jürgen, |d 1946- | |
| 700 | 1 | |a Rasmussen, Peter, |d 1935- | |
| 082 | 0 | 0 | |a 660.2/9/63 |
| 650 | 4 | |a UNIFAC |x Método. | |
| 650 | 4 | |a Equilibrio vapor-líquido |x Procesamiento de datos. | |
| 650 | 0 | |a Vapor-liquid equilibrium |x Data processing. | |
| 650 | 4 | |a UNIFAC |x Method. | |
| 010 | |a 77012218 | ||
| 040 | |a DLC |c DLC |d AR-BbSID | ||
| 859 | |a AR-BbSID |b BIB. PLAPIQUI |h 541.363 |i F 874 |p 1067 | ||
